| 000 | 00388nam a2200121 i 4500 | ||
|---|---|---|---|
| 001 | bg | ||
| 245 | 0 |
_aMikroprocesory : _bdydaktyka i zastosowania. VII Seminarium Naukowe Wrocław 25-28 maja 1986, VIII Seminarium Naukowe Zielona Góra 10-11 kwietnia 1987. |
|
| 260 |
_aZielona Góra, _c1987. |
||
| 040 | _cBPK | ||
| 041 | _apol | ||
| 942 | _cKS | ||
| 008 | s pl f |000 0 pol | ||
| 999 |
_c23936 _d23936 |
||
| 856 |
_uhttp://koha.tu.koszalin.pl/cgi-bin/koha/opac-detail.pl?biblionumber=23936 _yKatalog online BPK |
||